Калибровка средств измерений с помощью эталонов меньшей точности; Измерительная техника; № 4

Bibliografiske detaljer
Parent link:Измерительная техника=Measurement Techniques: научно-технический журнал/ Российская Федерация, Федеральное агентство по техническому регулированию и метрологии (Ростехрегулирование) (Госстандарт России).— , 1940-1941, 1955-.— 0368-1025
№ 4.— 2002.— С. 12-14
Hovedforfatter: Зайдель Р. М.
Andre forfattere: Квасков Б. Н.
Sprog:russisk
Udgivet: 2002
Serier:Общие воросы метрологии и измерительной техники
Fag:
Format: Book Chapter
KOHA link:https://koha.lib.tpu.ru/cgi-bin/koha/opac-detail.pl?biblionumber=383605

MARC

LEADER 00000naa2a2200000 4500
001 383605
005 20231101063143.0
035 |a (RuTPU)RU\TPU\prd\9488 
090 |a 383605 
100 |a 20021225a2002 k y0rusy50 ca 
101 0 |a rus 
102 |a RU 
200 1 |a Калибровка средств измерений с помощью эталонов меньшей точности  |f Р. М. Зайдель, Б. Н. Квасков 
225 1 |a Общие воросы метрологии и измерительной техники 
320 |a Библиогр.: 2 назв. 
461 1 |0 (RuTPU)RU\TPU\prd\1509  |x 0368-1025  |t Измерительная техника  |l Measurement Techniques  |o научно-технический журнал  |f Российская Федерация, Федеральное агентство по техническому регулированию и метрологии (Ростехрегулирование) (Госстандарт России)  |d 1940-1941, 1955- 
463 1 |0 (RuTPU)RU\TPU\prd\3913  |t № 4  |v С. 12-14  |d 2002 
610 1 |a калибровка 
610 1 |a средства измерений 
610 1 |a эталоны 
610 1 |a метод наименьших квадратов 
610 1 |a погрешнсти 
610 1 |a стандартные образцы 
610 1 |a точность 
675 |a 658.562:53.086-53.089.68-53.072:681.3  |v 3 
700 1 |a Зайдель  |b Р. М. 
701 1 |a Квасков  |b Б. Н. 
801 1 |a RU  |b 63413507  |c 20021225  |g PSBO 
801 2 |a RU  |b 63413507  |c 20121217  |g RCR 
942 |c BK